Philosophical ethics : (Record no. 26660)

MARC details
000 -LEADER
fixed length control field 00865cam a22002534a 4500
001 - CONTROL NUMBER
control field 11783282
005 - DATE AND TIME OF LATEST TRANSACTION
control field 20201128024336.0
008 - FIXED-LENGTH DATA ELEMENTS--GENERAL INFORMATION
fixed length control field 990831s2001 mau frb 001 0 eng d
020 ## - INTERNATIONAL STANDARD BOOK NUMBER
International Standard Book Number 0072297212
020 ## - INTERNATIONAL STANDARD BOOK NUMBER
International Standard Book Number 9780072297218
040 ## - CATALOGING SOURCE
Original cataloging agency DLC
Transcribing agency DLC
Modifying agency DLC
-- EG-ScBUE
Language of cataloging eng
082 04 - DEWEY DECIMAL CLASSIFICATION NUMBER
Classification number 170
Edition number 22
Item number BEA
100 1# - MAIN ENTRY--PERSONAL NAME
Personal name Beauchamp, Tom L.
9 (RLIN) 1171
245 10 - TITLE STATEMENT
Title Philosophical ethics :
Remainder of title an introduction to moral philosophy /
Statement of responsibility, etc Tom L. Beauchamp.
250 ## - EDITION STATEMENT
Edition statement 3rd ed.
260 ## - PUBLICATION, DISTRIBUTION, ETC. (IMPRINT)
Place of publication, distribution, etc Boston :
Name of publisher, distributor, etc McGraw-Hill,
Date of publication, distribution, etc 2001.
300 ## - PHYSICAL DESCRIPTION
Extent xii, 400 p. ;
Dimensions 24 cm.
504 ## - BIBLIOGRAPHY, ETC. NOTE
Bibliography, etc Includes bibliographical references and index.
650 #7 - SUBJECT ADDED ENTRY--TOPICAL TERM
Topical term or geographic name as entry element Ethics.
Source of heading or term BUEsh
9 (RLIN) 683
653 ## - INDEX TERM--UNCONTROLLED
Resource For college Generalities
Arrived date list May2018
856 42 - ELECTRONIC LOCATION AND ACCESS
Materials specified Publisher description
Uniform Resource Identifier <a href="http://www.loc.gov/catdir/description/mh023/99047187.html">http://www.loc.gov/catdir/description/mh023/99047187.html</a>
856 41 - ELECTRONIC LOCATION AND ACCESS
Materials specified Table of contents
Uniform Resource Identifier <a href="http://www.loc.gov/catdir/toc/mh023/99047187.html">http://www.loc.gov/catdir/toc/mh023/99047187.html</a>
942 ## - ADDED ENTRY ELEMENTS (KOHA)
Source of classification or shelving scheme Dewey Decimal Classification
Holdings
Withdrawn status Item status Source of classification or shelving scheme Damaged status Not for loan Home library Current library Shelving location Date acquired Total Checkouts Full call number Barcode Date last seen Koha item type
    Dewey Decimal Classification     Central Library Central Library Lower Floor 08/05/2018   170 BEA 000047714 15/07/2025 Book - Borrowing